000 00424nam a2200169Ia 4500
003 GCL
008 140319s9999 xx 000 0 eng d
040 _aGCL /
_cGCL
082 0 4 _aCC
_b299.31
_bD M
100 1 _aDAVIES,JOHN
245 1 0 _aMOSES AND THE GODS OF EGYPT /
_cDAVIES,JOHN
260 _a[S.N] :
_bBAKER BOOK HOUSE ،
_c1986
300 _a340
650 0 4 _aRELIGION
650 0 4 _aANCIENT EGYPT
942 _2ddc
_cBK
999 _c11307
_d11307